Logos Quiz | Mostly New Zealand - Statistics

General Stats
  • This quiz has been taken 57 times
  • The average score is 13 of 16
Answer Stats
Picture Answer % Correct
Canon
94%
Samsung
94%
Toyota
94%
Panadol
81%
Anchor
79%
NZ Post
79%
Whittaker's
79%
Woolworths
79%
Farmers
77%
Mitre 10
77%
The Warehouse
77%
Fisher & Paykel
74%
Tip Top
74%
Resene
72%
Trade Me
72%
Fonterra
70%
No matching quizzes found
Score Distribution
Percent of People with Each Score
Percentile by Number Answered
Your Score History
You have not taken this quiz